| 000 | 00509cam a22001691 4500 | ||
|---|---|---|---|
| 082 |
_a627.13 _bCHO _cL-22, P-29 |
||
| 100 | 1 |
_aChow, Ven Te, _943895 |
|
| 245 | 1 | 0 | _aOpen-channel hydraulics. |
| 260 |
_aNew York, _bMcGraw-Hill, _c1959. |
||
| 300 |
_a680 p. _billus. _c24 cm. |
||
| 526 |
_a0 _b0 _c0 _d627_130000000000000_CHO |
||
| 526 |
_a0 _b0 _c0 _d627_130000000000000_CHO |
||
| 526 |
_a0 _b0 _c0 _d627_130000000000000_CHO |
||
| 650 | 0 | _aChannels (Hydraulic engineering) | |
| 650 | 0 | _aHydraulics. | |
| 942 |
_2ddc _cBK |
||
| 999 |
_c547882 _d547882 |
||